| Поле | Инд. | ПП | Название | Значение |
|---|---|---|---|---|
| Тип записи | a | |||
| Библиографический уровень | m | |||
| 001 | Контрольный номер | RU/IS/BASE/427999552 | ||
| 005 | Дата корректировки | 20241114152725.9 | ||
| 020 | a | ISBN | 978-0-521-87073-3 (англ.) | |
| a | ISBN | 978-5-7598-1000-1 (рус.) | ||
| c | Цена, тираж | 599 р. | ||
| 040 | b | Код языка каталог. | rus | |
| e | Правила каталог. | PSBO | ||
| 041 | 0_ | a | Код языка текста | rus |
| 080 | a | Индекс УДК | 658.7 | |
| a | Индекс УДК | 33 | ||
| 090 | a | Полочн. индекс | 658 | |
| x | Авторский знак | Р 85 | ||
| 091 | a | Индекс ББК (DOS) | У42-803 | |
| a | Индекс ББК (DOS) | У41 | ||
| 097 | b | Оператор | *Ж* | |
| b | Оператор | *Ольга* | ||
| b | Оператор | *Ольга-С* | ||
| 245 | 10 | a | Заглавие | Руководство по закупкам |
| b | Продолж. заглавия | учеб. пособие | ||
| b | Продолж. заглавия | в составе учебно-методического комплекса | ||
| c | Ответственность | под редакцией Н. Димитри, Г. Пига, Дж. Спаньоло | ||
| 260 | a | Место издания | М. | |
| b | Издательство | Высшая школа экономики | ||
| c | Дата издания | 2013 | ||
| 300 | a | Объем | 695 с. | |
| 440 | _0 | a | Серия | УМК-У |
| 516 | 8_ | a | Прим. о типе комп. файла/ данных | Текст : непосредственный |
| 520 | 0_ | a | Аннотация | «Руководство по закупкам», подготовленное ведущими мировыми экспертами в области закупок, раскрывает основные современные экономические механизмы, базируясь как на последних научных работах в этой области, так и на сложившейся разнообразной международной практике государственных и корпоративных закупок. В учебном пособии рассматриваются проблемы управления закупками, распределения рисков, построения закупочных систем, механизмы стимулирования участников закупок, проблемы и методы борьбы со сговором и коррупцией в закупках. Подробно раскрываются механизмы ценообразования и репутации, разнообразие шкал оценки предложений поставщиков и методы присуждения контрактов, пути стимулирования инноваций в процессе закупок. Основываясь на результатах междисциплинарных исследований, данное руководство предоставляет практические рекомендации государственным служащим, менеджерам, экономистам и юристам, участвующим в разработке механизмов корпоративных и государственных закупок. Предназначено для аспирантов, студентов магистратуры, бакалавриата, для обучающихся по программам МВА и МРА, программам профессиональной переподготовки и повышения квалификации специалистов по закупкам, а также для аудиторов и работников контролирующих органов. |
| 583 | a | Действие | Приписка : УМК | |
| 653 | 0_ | a | Ключевые слова | Государственные закупки |
| a | Ключевые слова | Закупки | ||
| a | Ключевые слова | Закупочные контракты | ||
| a | Ключевые слова | Инновации | ||
| a | Ключевые слова | Конкурентные торги | ||
| a | Ключевые слова | Коррупция | ||
| a | Ключевые слова | Сговор | ||
| 655 | 07 | a | Жанр/ форма (устаревшее) | У |
| 773 | 18 | w | Контрольный № источника | RU/IS/BASE/562678770 |
| 901 | t | Тип документа | m | |
| 905 | a | Дата создания записи | 22.11.13 | |
| 940 | a | ФУСК | ||
| 952 | g | 1 | ||
| a | Тип литературы для КСУ ВШ | У2 | ||
| 954 | c | 22.11.13 | ||
| 990 | h | N записи в КСУ для Б/У (DOS) | 36/2013 | |
| j | Количество экземпляров (DOS) | 1 | ||
| g | Размещение заказа (DOS) | ИП Тихонова | ||
| c | Приоритет заказа (DOS) | д | ||
| f | Даты поступлений (DOS) | 19.07.13 |